The politics of social change in the Middle East and North Africa / (Record no. 1852)

MARC details
000 -LEADER
fixed length control field 00987nac a22002651i 4500
003 - CONTROL NUMBER IDENTIFIER
control field EG-ScBUE
005 - DATE AND TIME OF LATEST TRANSACTION
control field 20240522141928.0
008 - FIXED-LENGTH DATA ELEMENTS--GENERAL INFORMATION
fixed length control field 240522s1965 njub f b 000 0 eng d
035 ## - SYSTEM CONTROL NUMBER
System control number (OCoLC)260226
040 ## - CATALOGING SOURCE
Original cataloging agency EG-ScBUE
Language of cataloging eng
Description conventions rda
Transcribing agency EG-ScBUE
Modifying agency EG-ScBUE
082 04 - DEWEY DECIMAL CLASSIFICATION NUMBER
Classification number 956.05
Item number HAL
Edition number 22
100 1# - MAIN ENTRY--PERSONAL NAME
Personal name Halpern, Manfred,
Relator term author.
245 14 - TITLE STATEMENT
Title The politics of social change in the Middle East and North Africa /
Statement of responsibility, etc by Manfred Halpern, consultant to the Rand Corporation.
264 #1 - PUBLICATION, DISTRIBUTION, ETC. (IMPRINT)
Place of publication, distribution, etc Princeton, New Jersey :
Name of publisher, distributor, etc Princeton University Press,
Date of publication, distribution, etc 1965.
300 ## - PHYSICAL DESCRIPTION
Extent xxv, 431 pages :
Other physical details Color maps ;
Dimensions 24 cm
336 ## - CONTENT TYPE
Source rdacontent
Content type term text
Content type code txt
337 ## - MEDIA TYPE
Media type term unmediated
Source rdamedia
Media type code n
338 ## - CARRIER TYPE
Carrier type term volume
Carrier type code nc
Source rdacarrier
504 ## - BIBLIOGRAPHY, ETC. NOTE
Bibliography, etc Includes bibliographical references.
651 #7 - SUBJECT ADDED ENTRY--GEOGRAPHIC NAME
Geographic name Middle East
General subdivision Social conditions.
Source of heading or term BUEsh
651 #7 - SUBJECT ADDED ENTRY--GEOGRAPHIC NAME
Geographic name Middle East
General subdivision Politics and government.
Source of heading or term BUEsh
655 ## - INDEX TERM--GENRE/FORM
Form subdivision Reading book
942 ## - ADDED ENTRY ELEMENTS (KOHA)
Koha item type Book - Borrowing
Source of classification or shelving scheme Dewey Decimal Classification
Holdings
Withdrawn status Lost status Source of classification or shelving scheme Damaged status Not for loan Collection code Home library Current library Shelving location Date acquired Source of acquisition Total Checkouts Total Renewals Full call number Barcode Date last seen Date checked out Price effective from Koha item type
    Dewey Decimal Classification     Alahram Central Library Central Library Second Floor 19/12/2006 Purchase 6 8 956.05 HAL 000002465 15/07/2025 16/03/2014 19/12/2006 Book - Borrowing